000 00869nam a2200277 i 4500
001 10483
003 ES-MaACL
005 20250316180156.0
007 t|
008 950705s1994 sp a e |||| | spa d
020 _a84-306-0171-6
080 _a41.01(032)
100 1 _aCrystal, David.
_941868
245 1 0 _aEnciclopedia del lenguaje de la Universidad de Cambridge /
_cDavid Crystal ; edición española dirigida por Juan Carlos Moreno Cabrera.
260 _aMadrid :
_bTaurus,
_c1994.
300 _aIX, 475 p. :
_bil. ;
_c28 cm.
500 _aÍndices.
504 _aBibliografía: p. 450-455.
650 4 _aLenguaje-
_vEnciclopedias.
_9168710
650 4 _aLingüística
_914463
700 1 _aMoreno Cabrera, Juan Carlos.
_983335
710 0 0 _aUniversity of Cambridge.
_97505
852 _aES-MaACL
_jL-17844
942 _2udc
999 _c10483
_d10483